Sports Quiz

Random Sports or Clickable Quiz

Four Star Wrestling Stables Quiz Stats

Quiz Updated Jan 31, 2016

Challenge
Share
Tweet
Embed
Score 0/36 Timer 04:00
30 Plays Today
% Correct
CM Punk
90.5%
Batista
85.5%
Triple H
85.4%
Randy Orton
85.2%
Ric Flair
84.3%
Luke Gallows
80.5%
Heath Slater
75.6%
Wade Barrett
74.6%
Justin Gabriel
74.2%
Serena
71.8%
Ezekiel Jackson
71.8%
Kaz Hayashi
71.7%
Lance Storm
69.5%
Christian
69.2%
Yang
69.2%
Jamie-San
68.6%
Joseph Mercury
65.5%
Chainz
63.4%
% Correct
8-Ball
62.4%
Skull
62.1%
William Regal
61.8%
Chris Benoit
61.5%
Dean Malenko
61%
Crush
60.3%
Leia Meow
59.9%
Candice Michelle
59.6%
Test
58.8%
Victoria
58.5%
Torrie Wilson
58.5%
Perry Saturn
57.8%
B.G. James
57.6%
Ron Killings
55.9%
Kip James
53.4%
Chloe
52.8%
Konnan
52.2%
Shane Douglas
50.9%

You're not logged in!

Compare scores with friends on all Sporcle quizzes.
Sign Up with Email
OR
Log In

You Might Also Like...

Show Comments

Extras

Top Quizzes Today


Score Distribution

Your Account Isn't Verified!

In order to create a playlist on Sporcle, you need to verify the email address you used during registration. Go to your Sporcle Settings to finish the process.